Microbial physiology / (رقم التسجيلة. 31103)
[ عرض عادي ]
| 000 -الفاتح | |
|---|---|
| حقل البيانات ثابتة الطول | 00590nam a2200217 a 4500 |
| 001 - رقم الضبط | |
| رقم الضبط | ASIN8180940136 |
| 003 - محدد رقم الضبط | |
| رقم الضبط | OSt |
| 005 - وقت وتاريخ اخر تعامل مع التسجيلة | |
| رقم الضبط | 20150408114142.0 |
| 008 - عناصر البيانات ثابتة الطول - معلومات عامة | |
| حقل البيانات ثابتة الطول | 131001s2009 xxu eng d |
| 020 ## - الرقم الدولى المعيارى للكتب | |
| الرقم الدولى المعيارى للكتاب | 8180940136 (paperback) |
| 020 ## - الرقم الدولى المعيارى للكتب | |
| الرقم الدولى المعيارى للكتاب | 9788180940132 (paperback) |
| 040 ## - مصدر الفهرسة | |
| وكالة الفهرسة الأصلية | Ma-Un |
| 082 ## - رقم تصنيف ديوى العشرى | |
| رقم الطبعة | 22 |
| رقم التصنيف | 571.29 |
| 100 1# - المدخل الرئيسى - إسم شخصى | |
| الإسم الشخصى | Kumari, S. Meena. |
| 9 (RLIN) | 37537 |
| 245 10 - بيان العنوان | |
| العنوان | Microbial physiology / |
| بيان المسئوليه,etc | S. Meena Kumari. |
| 260 ## - PUBLICATION, DISTRIBUTION, ETC. (IMPRINT) | |
| مكان الناشر او الموزع | New Delhi : |
| اسم الناشر او الموزع | Mjp Publishers, |
| تاريخ النشر أو التوزيع | 2009. |
| 300 ## - الوصف المادى | |
| التعداد | 345 P. |
| 650 ## - المدخل الاضافى بالموضوع-مصطلح موضوعى | |
| مصطلح موضوعي أو اسم جغرافي كعنصر مدخل | Microbiology. |
| 650 ## - المدخل الاضافى بالموضوع-مصطلح موضوعى | |
| مصطلح موضوعي أو اسم جغرافي كعنصر مدخل | Microorganisms |
| التقسيم الفرعي العام | Physiology |
| 9 (RLIN) | 37538 |
| 942 ## - عناصر المدخل الإضافي( كوها) | |
| مصدر التصنيف او مخطط الترفيف | Dewey Decimal Classification |
| Koha [default] item type | كتاب |
| حالة الفقد | نموذج السعر الفعال | حالة تلف | ليس للاعارة | رقم الطلب | رقم النسخة | تاريخ الاكتساب | الموقع الحالي | الباركود | الفرع الرئيسي | Date last seen | نوع المادة فى نظام كوها | مصدر التصنيف او خطة الترفيف | Total Checkouts |
|---|---|---|---|---|---|---|---|---|---|---|---|---|---|
| 2013-10-08 | 571.29 KSM | n1 | 2013-10-08 | المكتبة المركزية بالمجمعة (CL) | 00451303 | المكتبة المركزية بالمجمعة (CL) | 2013-10-08 | كتاب | Dewey Decimal Classification | ||||
| 2013-10-08 | 571.29 KSM | n2 | 2013-10-08 | المكتبة المركزية بالمجمعة (CL) | 00451301 | المكتبة المركزية بالمجمعة (CL) | 2013-10-08 | كتاب | Dewey Decimal Classification | ||||
| 2013-10-08 | Not For Loan | 571.29 KSM | n2 | 2013-10-08 | المكتبة المركزية بالمجمعة (CL) | 00451299 | المكتبة المركزية بالمجمعة (CL) | 2013-10-08 | كتاب | Dewey Decimal Classification | |||
| 2013-10-08 | 571.29 KSM | n1 | 2013-10-08 | مكتبة مجمع الكليات بالزلفى - طلاب (SZM) | 00451302 | مكتبة مجمع الكليات بالزلفى - طلاب (SZM) | 2013-10-08 | كتاب | Dewey Decimal Classification | ||||
| 2013-10-08 | 571.29 KSM | n2 | 2013-10-08 | مكتبة مجمع الكليات بالزلفى - طلاب (SZM) | 00451300 | مكتبة مجمع الكليات بالزلفى - طلاب (SZM) | 2013-10-08 | كتاب | Dewey Decimal Classification | ||||
| 2013-10-08 | Not For Loan | 571.29 KSM | n3 | 2013-10-08 | مكتبة مجمع الكليات بالزلفى - طلاب (SZM) | 00451298 | مكتبة مجمع الكليات بالزلفى - طلاب (SZM) | 2013-10-08 | كتاب | Dewey Decimal Classification |
